Statistics for Yellow - Coldplay lyrics

Click here to take the quiz!

General Stats

  • This quiz has been taken 84 times
  • The average score is 175 of 202

Answer Stats

Lyrics% Correct
Yellow.
100%
A
100%
All
99%
You
99%
And
97%
The
97%
I
97%
For
97%
Do
96%
They
93%
Look
92%
At
92%
How
92%
Stars
92%
Everything
90%
Then
90%
Shine
90%
Shine.
90%
Thing
89%
Were
89%
It
89%
So.
87%
So
87%
My
86%
Skin
86%
Was
86%
Your
85%
Beautiful
82%
Turn
82%
To
82%
Things
80%
Something
80%
Yeah,
79%
Yeah
79%
Bones
79%
Into
77%
Know,
76%
Know
76%
Love
75%
Oh
75%
Myself
72%
Came
70%
Bleed
70%
What
69%
Song
69%
Wrote
68%
Dry
66%
Dry.
66%
Across
66%
Took
66%
Called
65%
Along
63%
I'd
61%
Jumped
58%
Have
55%
Line
55%
Done
54%
Drew
51%
Cause
49%
Swam
49%
That
46%
It's
34%
True
28%

Score Distribution

Percentile by Number Answered

Percent of People with Each Score

Your Score History

You have not taken this quiz